000 00921nam a2200241 a 4500
001 79332
003 BD-RjUL
005 20220411123414.0
008 220207s2011eng |||a|||| m||| 00| 0 eng d
035 _a(BD-RjUL)79332
040 _aBD-RjUL
_beng
_cBD-RjUL
_dBD-RjUL
041 _aeng
082 _a304.64095492
_bKAC 2011
_223
100 _aKamruzzaman, Mohammad
_91183
245 0 1 _aChild Mortality and its Impact on Reproductive Pattern in Bangladesh /
_cMohammad Kamruzzaman ;
_6Supervisor : Md. Nurul Islam
260 _aRajshahi :
_bInstitute of Bangladesh Studies, University of Rajshahi,
_c2011
300 _axxviii, 309 Leves :
_bill. ;
_c29 cm.
502 _aThesis (Ph. D.) -- Institute of Bangladesh Studies, University of Rajshahi, 2011
504 _aBibliography : Leves (299-309)
650 _aChildren
_xMortality
_zBangladesh
_92378
700 _aIslam, Md. Nurul, Supervisor
_91185
942 _2ddc
_cTHE
999 _c79332
_d79332